000 00965cad a22002415a 4500
001 E152128
008 110201s2010 xxk f 100 0 eng d
020 _a9781842196199
035 _a(Sirsi) u152128
041 0 _aeng
100 1 _aKhatleli, Nthatisi
111 2 _aConstruction and Building Research Conference
_cDauphine Universite, Paris
_d2-3 September 2010
245 0 4 _aThe partnership paradox in Black Economic Empowerment initiative
_bexploring trust and co-operation in South African PPPs
_h[electronic resource]
260 _aLondon
_bRICS
_c2010
520 _aA paper presented at the COBRA Conference in Paris on 2-3 September 2010.
590 _aKA
650 2 4 _aCONSTRUCTION AND BUILDING RESEARCH CONFERENCE (COBRA)
651 4 _aSouth Africa
690 _aProcurement
_96260
700 1 _aRoot, David
856 4 0 _uhttps://www.rics.org/site/scripts/download_info.aspx?fileID=7936&categoryID=720
_zBroken link - not available
942 _n0
999 _c111881
_d111881